Aufklärung in den baltischen Provinzen Russlands. - Köln [u.a.] : Böhlau. - 1996 [Rezension]
| Titel: | Aufklärung in den baltischen Provinzen Russlands. - Köln [u.a.] : Böhlau. - 1996 [Rezension] |
|---|---|
| Verfasser: | |
| In: |
Jahrbuch des baltischen Deutschtums, Band 45 (1997), Seite 193-195 alle Artikel anzeigen |
| Veröffentlicht: | 1997 [1998] |
| Format: | Aufsatz |
| Sprache: | Deutsch |
X
alg: 39487096
001A $01999:12-11-16
001B $01999:03-08-21 $t21:05:04.000
001D $01999:12-11-16
001U $0utf8
001X $00
002@ $0Aox
003@ $0394870964
007A $0394870964 $aHEB
007T $0Herd56386
010@ $ager
011@ $a1997 $n1997 [1998]
021A $aAufklärung in den baltischen Provinzen Russlands. - Köln {[u.a.] : Böhlau. - 1996 [Rezension]
028A $#Garlef, Michael $#Garlefs, Mihaels $7123280079 $8Garleff, Michael$Z1940- [Tp1] $9134716108
031A $d45 $h193-195 $j1997
039B $aIn $8--Abvc--. Jahrbuch des baltischen Deutschtums. - Lüneburg : Carl-Schirren-Ges., 1927-2012. - ISSN 0075-2436 $x199700000450000807 $9047351179
039T $8--Aau--. Aufklärung in den baltischen Provinzen Russlands. - Köln {[u.a.] : Böhlau, 1996. - XI, 326 S.. - ISBN 3-412-08596-0 $9052144615
045F $a900.9479 $eDDC23BSB
045F/01 $a900
045F/03 $g479
045T $a7,41 $a7,44
045T $aGER $qDE-30 $2FID
lok: 39487096 78
exp: 39487096 78 1 #EPN
201B/01 $018-11-16 $t12:59:54.000
201U/01 $0utf8
203@/01 $0791169553
208@/01 $a12-11-16 $be
209A/01 $a/ $f000 $x00
220C/01 $aTitelaufnehmer: pk
244Z/01 $2Trx $#Baltijos šalys $#kraje bałtyckie $#Baltikum $8--Trx--Baltische Länder $x01 $9391352903
244Z/01 $2Trx $#arvustused $#recenzijos $#Reviews $#recenziók $#recenzje $#recenzie $#recenze $8--Trx--Rezensionen $x02 $9391357441
247C/01 $82080>Marburg/Lahn, Herder-Institut, Forschungsbibliothek, Bibliographieportal $9336309341
| LEADER | 00000caa a22000002c 4500 | ||
|---|---|---|---|
| 001 | 394870964 | ||
| 003 | DE-603 | ||
| 005 | 20210803210504.0 | ||
| 007 | tu | ||
| 008 | 161112s1997 xx |||| | u00||u|ger c | ||
| 035 | |a (DE-599)HEB394870964 | ||
| 040 | |a DE-603 |b ger |c DE-603 |d DE-603 | ||
| 041 | |a ger | ||
| 082 | 0 | 4 | |8 1\u |a 900.9479 |q DE-101 |2 23/BSB |
| 084 | |a 7,41 |a 7,44 |2 ssgn | ||
| 084 | |a GER |q DE-30 |2 fid | ||
| 085 | |8 1\u |b 900 | ||
| 085 | |8 1\u |z 2 |s 479 | ||
| 100 | 1 | |a Garleff, Michael |d 1940- |0 (DE-603)134716108 |0 (DE-588)123280079 |2 gnd | |
| 245 | 0 | 0 | |a Aufklärung in den baltischen Provinzen Russlands. - Köln [u.a.] : Böhlau. - 1996 [Rezension] |
| 264 | 0 | |c 1997 [1998] | |
| 773 | 0 | 8 | |i In |t Jahrbuch des baltischen Deutschtums |d Lüneburg : Carl-Schirren-Ges., 1927-2012 |x 0075-2436 |g Band 45 (1997), Seite 193-195 |w (DE-603)047351179 |w (DE-600)217235-5 |
| 787 | 0 | 8 | |i Rezension von |t Aufklärung in den baltischen Provinzen Russlands |d Köln [u.a.] : Böhlau, 1996 |h XI, 326 S. |z 3412085960 |w (DE-603)052144615 |
| 924 | 0 | |9 2080 |a (DE-603)791169553 |b DE-2080 |c HES |d d |g / | |


